[Event "Tarragona-chA"]
[Site "Tarragona"]
[Date "2017.11.26"]
[Round "9"]
[White "Chalmeta Torredemer, Enric"]
[Black "John Madria, Joseph"]
[Result "1/2-1/2"]
[WhiteElo "1983"]
[BlackElo "1619"]
[PlyCount "98"]
[EventDate "2017.10.08"]
[EventType "swiss"]
[EventRounds "9"]
[EventCountry "ESP"]
[SourceTitle "EXT 2019"]
[Source "ChessBase"]
[SourceDate "2018.10.10"]
[SourceVersion "1"]
[SourceVersionDate "2018.10.10"]
[SourceQuality "1"]

1. e4 c5 2. Nc3 e6 3. g3 d5 4. exd5 exd5 5. Bg2 Nf6 6. d3 d4 7. Ne4 Nxe4 8. Bxe4 Nd7 9. Qe2 Be7 10. Bg2 0-0 11. Nf3 Re8 12. 0-0 Bd6 13. Qd2 Qc7 14. Re1 Rxe1+ 15. Qxe1 Rb8 16. Qe8+ Nf8 17. Qa4 b5 18. Qb3 Be6 19. c4 bxc4 20. Qc2 cxd3 21. Qxd3 f6 22. b3 Ng6 23. Bb2 a5 24. Rc1 Qb6 25. Nd2 Qb5 26. Qxb5 Rxb5 27. Ne4 Bf8 28. Bf1 Rb8 29. Nxc5 Bxc5 30. Rxc5 a4 31. Bxd4 axb3 32. axb3 Bxb3 33. Rb5 Rxb5 34. Bxb5 Ne5 35. Bxe5 fxe5 36. f3 Kf8 37. Kf2 Ke7 38. Ke3 Bd5 39. Bd3 Bg8 40. h4 Kf6 41. g4 h6 42. h5 Kg5 43. Be4 Be6 44. Bc6 Bc8 45. Ke4 Kf6 46. Ke3 Be6 47. Be4 Bd7 48. Kd3 Bb5+ 49. Ke3 Bd7 1/2-1/2